000
002650000a22001330004500
003
MACL
040
_a
MACL
090
_c
38271
_d
38269
100
_a
Mason, James
245
_a
FraAngelico
260
_b
T C & E C Jack
650
_a
Painting
942
_c
BOOK
_k
759/MAS
999
_c
37862
_d
37862